000 00419nam a2200169Ia 4500
008 170705s9999 xx 000 0 und d
020 _a439375894
245 _aDear whiskers /
245 _cAnn Whitehead Nagda ; illustrated by Stephanie Roth.
260 _aNew York :
260 _bScholastic,
260 _c2000
300 _a75 pages :
300 _bcolor illustration ;
300 _c20cm.
500 _a400
999 _c335818
_d335818